| 000 | 00742nas a2200253 4500 | ||
|---|---|---|---|
| 001 | BR9502679 | ||
| 003 | BR-BrBNA | ||
| 005 | 20231205094335.0 | ||
| 007 | ta | ||
| 008 | 230509b bl.|||p| |||| 00| 00por d | ||
| 040 |
_aBR-BrBNA _bpor _cBiblioteca Nacional de Agricultura |
||
| 041 | _a(Pt) | ||
| 072 | _aH20 | ||
| 100 | 1 | _aPonte, J.J. da | |
| 100 | 1 | _aVasconcelos, I. | |
| 245 | 1 | _aO mal das sete voltas da cebolinha, Allium shoenoprasum L., no Vale do Curu (Ceara) | |
| 650 | _aCebolinha | ||
| 650 | _aFungo | ||
| 650 | _aMal das Sete Voltas | ||
| 650 | _aCeara | ||
| 773 | 0 |
_tBoletim Cearense de Agronomia (Brazil) _x _g(Jun 1970), v. 11 p. 17-20 _wBR9502679 |
|
| 909 |
_a202311 _bLúcia _c55 _dLúcia Elande |
||
| 942 |
_2AGRIS _n0 _cANA |
||
| 999 |
_c143674 _d143674 |
||